| 000 | 00875nam a22002177a 4500 | ||
|---|---|---|---|
| 999 |
_c11053 _d11053 |
||
| 003 | AR-CdUCM | ||
| 008 | 190402b ||||| |||| 00| 0 spa d | ||
| 040 |
_aMUNICIPALIDAD PROVINCIAL DEL CUSCO _cBIBLIOTECA MUNICIPAL DEL CUSCO |
||
| 082 |
_a374.56 / _bR46 / 1949 |
||
| 100 |
_aRevollar Fernández, Julio _928186 |
||
| 245 | _aLegislación y administración escolar del Perú y comparadas / | ||
| 260 |
_aLima : _bD. Miranda, _c1949. |
||
| 300 |
_a222 páginas ; _c17 cm. |
||
| 505 | _aContenido: El estado, la ley y la administración -- La educación y la constitución política del estado -- La educación y la ley orgánica 9359 -- La educación secundaria común en el Perú y comparada ... | ||
| 650 |
_aEducación _9460 |
||
| 650 |
_aLegislación _92962 |
||
| 650 |
_aAdministración escolar _99010 |
||
| 650 |
_aPerú _935 |
||
| 942 |
_2ddc _cLIBROS |
||
| 945 | _aacv | ||